000 00393nam a22001577a 4500
003 OSt
005 20250302105154.0
008 250302b |||||||| |||| 00| 0 eng d
040 _cSVYASA
100 _aNarada Thera
_9436
245 _aThe Dhammapada
250 _a4th ed
260 _bThe Corporate body of the buddha educational foundation
_c1993
300 _a333 p.
942 _2ddc
_cBKS
_n0
999 _c20206
_d20206